[Event "Reykjavik CC Inv"]
[Site "Reykjavik ISL"]
[Date "2007.09.18"]
[Round "2"]
[White "Thorfinnsson,Br"]
[Black "Johannesson,I"]
[Result "0-1"]
[WhiteElo "2389"]
[BlackElo "2344"]

1.d4 Nf6 2.Bg5 e6 3.c4 h6 4.Bh4 c5 5.d5 exd5 6.cxd5 d6 7.Nc3 g6 8.Nf3 Bg7
9.Nd2 g5 10.Bg3 Nh5 11.Qa4+ Kf8 12.e3 a6 13.Be2 Nxg3 14.hxg3 Nd7 15.O-O b5
16.Qc2 h5 17.a4 b4 18.Nce4 Ne5 19.Qd1 g4 20.f4 gxf3 21.Nxf3 Nxf3+ 22.Bxf3 f5
23.Bxh5 Qe7 24.Nf2 Bxb2 25.Ra2 Be5 26.Qf3 Qg5 27.g4 Qh4 28.Nh3 Kg7 29.e4 f4
30.Nxf4 Bd4+ 31.Raf2 Rf8 32.e5 dxe5 33.Qe4 Bxf2+ 34.Rxf2 Qxf2+  0-1

[Event "17th ch-EU U16 Boys"]
[Site "Sibenik CRO"]
[Date "2007.09.20"]
[Round "7"]
[White "Bekarovski,F"]
[Black "Nitelea,B"]
[Result "0-1"]
[WhiteElo "1950"]
[BlackElo "2012"]

1.d4 Nf6 2.Bg5 e6 3.e4 h6 4.Bxf6 Qxf6 5.Nf3 d6 6.Nc3 c6 7.Bc4 Nd7 8.O-O e5
9.d5 Nb6 10.Nd2 Be7 11.Qe2 O-O 12.a4 Qg6 13.a5 Nd7 14.a6 Nf6 15.axb7 Bxb7
16.dxc6 Bxc6 17.Ra5 Bd8 18.Ra6 Bb6 19.Kh1 Rad8 20.Bb5 Bb7 21.Ra4 Nh5 22.Nc4 Bd4
23.Na5 Ba8 24.Bc6 Nf4 25.Qf3 Bxc3 26.bxc3 f5 27.Bxa8 Rxa8 28.Nc6 Rae8 29.Rxa7 fxe4
30.Qg3 Qxg3 31.hxg3 Ne2 32.Rd1 Rxf2 33.Rxd6 Nxg3+ 34.Kh2 Nf5 35.Rdd7 e3 36.Kg1 Rxc2
37.g4 Rc1+ 38.Kh2 e2 39.gxf5 Rh1+ 40.Kg2 Rg1+ 41.Kxg1 e1=Q+ 42.Kh2 Qf2+ 43.Kh1 Qh4+
44.Kg1 Qg5+ 45.Kh2 e4 46.Ne7+ Kh7 47.Ng6 Qh5+ 48.Kg2 Qe2+ 49.Kh3 Qf3+ 50.Kh4 Qf2+
51.Kg4 Qg2+ 52.Kh4 Qg5+ 53.Kh3 Qxf5+  0-1

[Event "Highlands Open A"]
[Site "Zdar nad Sazavou CZE"]
[Date "2007.09.26"]
[Round "5"]
[White "Pisk,P"]
[Black "Petr,Ma"]
[Result "1/2-1/2"]
[WhiteElo "2366"]
[BlackElo "2453"]

1.d4 Nf6 2.Bg5 e6 3.e4 h6 4.Bxf6 Qxf6 5.c3 b6 6.Nd2 Bb7 7.Ngf3 g5 8.Bd3 Be7
9.Qe2 d6 10.e5 Qg7 11.exd6 cxd6 12.Bb5+ Kf8 13.O-O-O a6 14.Bd3 Nd7 15.Ne4 b5
16.h3 Nb6 17.Kb1 Bd5 18.Nfd2 Rc8 19.Rc1 Bc4 20.Nxc4 bxc4 21.Bc2 Ke8 22.g3 Rc7
23.h4 Kd7 24.hxg5 hxg5 25.Rxh8 Qxh8 26.Nd2 Qh6 27.Rd1 d5 28.Nf3 Kc8 29.Ne5 Bd6
30.Qf3 Qg7 31.Re1 Kb7 32.a3 Ka7 33.Ka2 a5 34.Qe3 Rb7 35.Rh1 Qg8 36.Nf3 g4
37.Nd2 Qe8 38.Qe2 f5 39.Rb1 Na4 40.Bxa4 Qxa4 41.Qd1 Qxd1 42.Rxd1 a4 43.Rh1 Kb6
44.Rh6 Re7 45.Nf1 Kc6 46.Kb1 Kd7 47.Kc2 Rf7 48.Ne3 Bf8 49.Rh5 Ke7 50.Ng2 Rf6
51.Rh7+ Rf7 52.Rh5 Kd7 53.Ne3 Rg7 54.Ng2 Bd6 55.Rh8 Bc7 56.Kd2 Rf7 57.Ke3 Kc6
58.Re8 Bd6 59.Rc8+ Kb7 60.Re8 Kc6 61.Rc8+ Kb7 62.Re8  1/2-1/2

[Event "WJun Girls"]
[Site "Yerevan ARM"]
[Date "2007.10.03"]
[Round "1"]
[White "Mona,K"]
[Black "Abrahamyan,T"]
[Result "0-1"]
[WhiteElo "2004"]
[BlackElo "2246"]

1.d4 Nf6 2.Bg5 e6 3.e4 h6 4.Bxf6 Qxf6 5.Nf3 d5 6.e5 Qd8 7.c3 c5 8.Nbd2 Nc6
9.Bb5 Qb6 10.Bxc6+ bxc6 11.Qb3 Ba6 12.Rc1 Qa5 13.Qc2 cxd4 14.cxd4 Rc8 15.Kd1 Qxa2
16.Nb3 Bc4 17.Nfd2 Rb8 18.Nxc4 dxc4 19.Na1 Rxb2 20.Qxc4 Qxc4 21.Rxc4 Ba3
22.Rf1 Rb6 23.Ra4 Bb2 24.Rxa7 O-O 25.Nc2 Rd8 26.Ke2 Bxd4 27.Nxd4 Rxd4 28.f4 Rb2+
29.Ke3 Rdd2 30.Ra8+ Kh7 31.Rf8 Rxg2 32.Rxf7 Rb3+ 33.Kd4 Rc2 34.Rc7 c5+ 35.Rxc5 Rb4+
36.Kd3 Rxc5 37.f5 Rxe5 38.f6 gxf6  0-1

[Event "WJun Girls"]
[Site "Yerevan ARM"]
[Date "2007.10.06"]
[Round "4"]
[White "Bolon,K"]
[Black "Melia,S"]
[Result "0-1"]
[WhiteElo "2103"]
[BlackElo "2365"]

1.d4 Nf6 2.Bg5 e6 3.c3 h6 4.Bh4 b6 5.Nd2 Bb7 6.e3 Be7 7.Ngf3 c5 8.Bd3 cxd4
9.cxd4 g5 10.Bg3 g4 11.Ne5 h5 12.Rg1 d6 13.Qa4+ Kf8 14.Nec4 h4 15.Bf4 Nd5
16.g3 Nc6 17.e4 Nxf4 18.gxf4 Nxd4 19.Qd1 g3 20.fxg3 hxg3 21.hxg3 b5 22.Ne3 Qb6
23.Ndf1 f5 24.Kf2 fxe4 25.Be2 Nf5 26.Qb3 d5 27.Qxb5 Bc5 28.Qxb6 Bxb6 29.g4 Nxe3
30.Nxe3 Rh2+  0-1

[Event "FSGM October"]
[Site "Budapest HUN"]
[Date "2007.10.10"]
[Round "5"]
[White "Bui Vinh"]
[Black "Fogarasi,T"]
[Result "1-0"]
[WhiteElo "2461"]
[BlackElo "2428"]

1.d4 Nf6 2.Bg5 e6 3.e4 h6 4.Bxf6 Qxf6 5.Nc3 Bb4 6.a3 Bxc3+ 7.bxc3 d6 8.Bd3 e5
9.Ne2 O-O 10.O-O Nc6 11.Bb5 Qe7 12.Ng3 Qg5 13.Bxc6 bxc6 14.Rb1 Ba6 15.Re1 Rfb8
16.Re3 g6 17.h3 Rb6 18.Rb4 Rab8 19.Nf5 Kh7 20.Rg3 Qf6 21.Ne3 Bc8 22.Rf3 Qe7
23.dxe5 dxe5 24.Nc4 Rb5 25.Na5 Bd7 26.Rd3 Be8 27.Nc4 c5 28.Rb3 Bc6 29.Ne3 Bxe4
30.Rd7 Qe6 31.Rxb5 Rxb5 32.Rxc7 Kg7 33.Qd8 Bb7 34.c4 Rb1+ 35.Kh2 h5 36.Rxc5 Ra1
37.Rc7 Rb1 38.c5 Be4 39.Rc8  1-0

[Event "FSGM October"]
[Site "Budapest HUN"]
[Date "2007.10.12"]
[Round "7"]
[White "Prohaszka,P2"]
[Black "Fogarasi,T"]
[Result "1/2-1/2"]
[WhiteElo "2470"]
[BlackElo "2428"]

1.d4 Nf6 2.Bg5 e6 3.c4 c5 4.d5 exd5 5.cxd5 d6 6.Nc3 Be7 7.Nf3 h6 8.Bf4 O-O
9.e4 Re8 10.Bd3 Bg4 11.h3 Bh5 12.g4 Bg6 13.O-O c4 14.Bc2 Nbd7 15.Qd4 b5 16.b4 cxb3
17.axb3 a5 18.Rae1  1/2-1/2

[Event "WJun Girls"]
[Site "Yerevan ARM"]
[Date "2007.10.12"]
[Round "9"]
[White "Bokuchava,M"]
[Black "Martirosyan,L"]
[Result "1-0"]
[WhiteElo "2130"]
[BlackElo "2121"]

1.d4 Nf6 2.Bg5 e6 3.e4 h6 4.Bxf6 Qxf6 5.Nf3 c5 6.c3 b6 7.Bd3 Bb7 8.O-O g6
9.Nbd2 Bg7 10.Nc4 O-O 11.Nd6 Bc6 12.Qd2 Qe7 13.dxc5 bxc5 14.Be2 g5 15.h3 a5
16.Rad1 Na6 17.Bb5 Bxb5 18.Nxb5 Rab8 19.Qe2 Rb6 20.Na3 Nc7 21.Nc4 Ra6 22.Rd2 d6
23.Rfd1 Rd8 24.Qe3 a4 25.Nh2 Nb5 26.Qe2 Qb7 27.e5 d5 28.Ng4 Rb8 29.Nf6+ Kh8
30.Qh5 Qe7 31.Ne3 Nc7 32.Neg4 Ne8 33.Nxh6 Bxf6 34.exf6  1-0

[Event "FSGM October"]
[Site "Budapest HUN"]
[Date "2007.10.13"]
[Round "8"]
[White "Bui Vinh"]
[Black "Arjun,V"]
[Result "1/2-1/2"]
[WhiteElo "2461"]
[BlackElo "2394"]

1.d4 Nf6 2.Bg5 e6 3.e4 h6 4.Bxf6 Qxf6 5.Qd2 d6 6.Nc3 c6 7.O-O-O e5 8.Nf3 Be7
9.Kb1 O-O 10.d5 Nd7 11.h3 Nc5 12.Qe3 Bd8 13.Nd2 Ba5 14.dxc6 bxc6 15.f3 Rb8
16.Nb3 Bb6 17.Qd2 Rd8 18.Bc4 Be6 19.Qe2 Bxc4 20.Qxc4 d5 21.Qe2 Qe6 22.Nxc5 Bxc5
23.Na4 Bb6 24.b3 Rd6 25.Rd3 Rbd8 26.Rhd1 f5 27.R1d2 Kh8 28.Kb2 Bd4+ 29.c3 Bg1
30.Kc2 fxe4 31.fxe4 Qg6 32.Kb2 d4 33.cxd4 Bxd4+ 34.Kc2 Rf8 35.Rf3 Rxf3 36.Qxf3 Rf6
37.Qd3 Rf4 38.Nc3 c5 39.Ne2 Rf8 40.Nc3 Rf4 41.g3 Rf8 42.Nd5 Qe6 43.g4 c4
44.bxc4 Qa6 45.Kd1 Qa4+ 46.Qb3 Qa5 47.Ne7 Rf1+ 48.Kc2 Kh7 49.Nf5 Ra1 50.Kd3 Rf1
51.Nxd4 exd4 52.Ke2 Rf2+ 53.Kxf2 Qxd2+ 54.Kg3 d3 55.e5 Qe2 56.Kf4 d2 57.Qb1+ Kg8
58.Qb8+ Kh7 59.Qb1+  1/2-1/2

[Event "FSGM October"]
[Site "Budapest HUN"]
[Date "2007.10.14"]
[Round "9"]
[White "Hoang Thanh Trang"]
[Black "Brustkern,J"]
[Result "1-0"]
[WhiteElo "2466"]
[BlackElo "2332"]

1.d4 Nf6 2.Bg5 e6 3.e4 c5 4.e5 h6 5.Bc1 Nh7 6.d5 d6 7.Bb5+ Bd7 8.Nc3 Bxb5
9.Nxb5 dxe5 10.dxe6 Qxd1+ 11.Kxd1 Na6 12.exf7+ Kxf7 13.Nf3 e4 14.Ne5+ Ke6
15.Ng6 Rg8 16.Be3 Bd6 17.Ke2 Nf6 18.Rad1 Rad8 19.Rd2 Be5 20.Rxd8 Rxd8 21.Nxe5 Kxe5
22.Nxa7 Ra8 23.Nb5 b6 24.a3 Nd5 25.Rd1 Nac7 26.Nxc7 Nxc7 27.Rd7 Ne6 28.Kd2 Rd8
29.Rxd8 Nxd8 30.c4  1-0

[Event "FSGM October"]
[Site "Budapest HUN"]
[Date "2007.10.16"]
[Round "11"]
[White "Hoang Thanh Trang"]
[Black "Fogarasi,T"]
[Result "1-0"]
[WhiteElo "2466"]
[BlackElo "2428"]

1.d4 Nf6 2.Bg5 e6 3.e4 h6 4.Bxf6 Qxf6 5.c3 d5 6.Nd2 Qd8 7.Ngf3 Be7 8.Bd3 O-O
9.O-O c5 10.exd5 exd5 11.dxc5 Bxc5 12.Nb3 Bb6 13.Bc2 Nc6 14.Qd3 g6 15.Rad1 Be6
16.Nbd4 Bg4 17.h3 Nxd4 18.hxg4 Nxc2 19.Qxc2 Qc8 20.Qd2 Qxg4 21.Qxh6 Rad8
22.Ng5 Qh5 23.Qxh5 gxh5 24.Nf3 Rfe8 25.Rd2 d4 26.Nxd4 Bxd4 27.cxd4 Rd5 28.Rc1 b6
29.Rc7 a5 30.Rc6 Re6 31.Rxe6 fxe6 32.f3 e5 33.Kf2 exd4 34.Ke2 Kf7 35.Kd3 Ke6
36.Ke4 Rb5 37.Kxd4 Kf5 38.g3 h4 39.gxh4 Kf4 40.Rc2 Kxf3 41.Rc3+  1-0

[Event "IV Open"]
[Site "Calvia ESP"]
[Date "2007.10.18"]
[Round "4"]
[White "Navarro Cazorla,J"]
[Black "Aroven,M"]
[Result "0-1"]
[WhiteElo "2030"]
[BlackElo "2201"]

1.d4 Nf6 2.Bg5 e6 3.e4 h6 4.Bxf6 Qxf6 5.c3 d5 6.e5 Qd8 7.f4 c5 8.dxc5 Bxc5
9.Nh3 a6 10.Nd2 Nc6 11.Nb3 Ba7 12.Qd2 Bd7 13.O-O-O Qc7 14.Kb1 O-O-O 15.Be2 f6
16.exf6 gxf6 17.Bg4 e5 18.Bxd7+ Qxd7 19.fxe5 fxe5 20.Rhf1 Qh7+ 21.Qc2 Qg7
22.Qf5+ Kb8 23.g3 Rhf8 24.Qe6 Qh7+ 25.Ka1 Rxf1 26.Rxf1 d4 27.cxd4 exd4 28.Nf4 d3
29.Rd1 Nb4 30.Nd2 Bd4 31.Qe4 Qd7 32.a3 Qa4 33.Rc1 Qxa3+  0-1

[Event "IV Open"]
[Site "Calvia ESP"]
[Date "2007.10.20"]
[Round "6"]
[White "Navarro Cazorla,J"]
[Black "Strikovic,M"]
[Result "1-0"]
[WhiteElo "2030"]
[BlackElo "1917"]

1.d4 Nf6 2.Bg5 e6 3.Nd2 d5 4.e3 Be7 5.Bd3 Nc6 6.Ngf3 O-O 7.c3 Nd7 8.Bf4 Bf6
9.Qc2 g6 10.h4 e5 11.dxe5 Ndxe5 12.Nxe5 Nxe5 13.Bxe5 Bxe5 14.Nf3 Bg7 15.h5 c5
16.hxg6 hxg6 17.O-O-O d4 18.exd4 cxd4 19.Nxd4 Bxd4 20.cxd4 Bg4 21.Qd2 Rc8+
22.Kb1 Bxd1 23.Qh6 Bh5 24.Rxh5  1-0

[Event "IV Festival"]
[Site "Figueira da Foz POR"]
[Date "2007.10.28"]
[Round "1"]
[White "Bellon Lopez,JuM"]
[Black "Silva,Vic"]
[Result "1-0"]
[WhiteElo "2434"]
[BlackElo "1806"]

1.d4 Nf6 2.Bg5 e6 3.e4 Be7 4.e5 Ng8 5.Be3 d6 6.Qg4 g6 7.Nc3 c6 8.Nf3 h5 9.Qg3 Nh6
10.Bxh6 Rxh6 11.h4 d5 12.Ng5 Nd7 13.Qf4 Bxg5 14.hxg5 Rh8 15.g4 Nf8 16.Qe3 Bd7
17.Be2 h4 18.O-O-O Qe7 19.Rh3 O-O-O 20.Rdh1 Be8 21.Rxh4 Rg8 22.f4 c5 23.Rh8 Rg7
24.Qh3 cxd4 25.Nd1 Qc5 26.Qh6 Rd7 27.Qxg7 Rc7 28.Bd3  1-0

[Event "VIII Int Rapid"]
[Site "El Sauzal ESP"]
[Date "2007.11.03"]
[Round "5"]
[White "Drazic,S"]
[Black "Lopez Martinez,Josep"]
[Result "1-0"]
[WhiteElo "2493"]
[BlackElo "2563"]

1.d4 Nf6 2.Bg5 e6 3.e4 c5 4.e5 h6 5.Bc1 Nh7 6.c3 Nc6 7.Nf3 cxd4 8.cxd4 d6
9.Bb5 Bd7 10.Nc3 dxe5 11.dxe5 a6 12.Bd3 Ng5 13.Bxg5 hxg5 14.Qe2 Bb4 15.Qe4 Be7
16.a3 Na5 17.Qg4 Bc6 18.Be4 Bxe4 19.Nxe4 Qd3 20.Rd1 Qb5 21.b4 Nc4 22.Nd6+ Nxd6
23.exd6 Bf6 24.Nd4 Qe5+ 25.Ne2 Kd7 26.g3 Rac8 27.O-O Rc6 28.Qf3 Qf5 29.Qh1 Qg4
30.Rd2 Rhc8 31.Rfd1 Qc4 32.Qf3 g4 33.Qe3 Rh8 34.Nd4 Bxd4 35.Rxd4 Qc2 36.Qg5 Re8
37.Qxg4 Qh7 38.a4 Rh8 39.h4 Qh6 40.b5 axb5 41.axb5 Rc1 42.Qf3 Rxd1+ 43.Rxd1 Kc8
44.Qc3+  1-0

[Event "Open"]
[Site "Villa de Navalmoral ESP"]
[Date "2007.11.07"]
[Round "5"]
[White "Rusev,K"]
[Black "Melero Fidalgo,J"]
[Result "1-0"]
[WhiteElo "2479"]
[BlackElo "2205"]

1.d4 Nf6 2.Bg5 e6 3.e4 h6 4.Bxf6 Qxf6 5.c3 d6 6.Bd3 a6 7.Ne2 Qd8 8.O-O Be7
9.f4 O-O 10.e5 f5 11.exf6 Bxf6 12.Bc2 c5 13.Qd3 Nc6 14.Nd2 cxd4 15.Rad1 d5
16.cxd4 Kf7 17.Nf3 Ke7 18.Ne5 Kd6 19.Ba4 Bd7 20.Rc1 Qb6 21.Kh1 Kc7 22.Nxd7 Kxd7
23.f5 Bg5 24.fxe6+ Kxe6 25.Qh3+ Ke7 26.Rfe1 Kd6 27.Qg3+ Kd7 28.Qg4+ Kd6 29.Nc3 Rae8
30.Qg3+ Kd7 31.Rxe8 Rxe8 32.Rd1 Qa5 33.a3 Re3 34.Qg4+ Kd6 35.Bxc6 bxc6 36.h4 Rxc3
37.bxc3 Bf6 38.Qg3+ Ke7 39.Rb1 Kf7 40.Rb7+ Kg8 41.Rb8+ Kf7 42.h5 Qxa3 43.Qg6+ Ke6
44.Qe8+ Kf5 45.Rb1 Qxc3 46.Rf1+ Kg4 47.Qg6+ Bg5 48.Qf5+ Kxh5 49.Rf3  1-0

[Event "4NCL"]
[Site "Birmingham ENG"]
[Date "2007.11.11"]
[Round "4"]
[White "Povah,N"]
[Black "Bisby,D"]
[Result "0-1"]
[WhiteElo "2353"]
[BlackElo "2276"]

1.d4 Nf6 2.Bg5 e6 3.e4 h6 4.Bxf6 Qxf6 5.Nc3 Bb4 6.Qd2 d6 7.a3 Ba5 8.f4 e5
9.b4 Bb6 10.dxe5 dxe5 11.Nd5 Qd8 12.Nf3 exf4 13.Qxf4 O-O 14.Nxb6 axb6 15.Bd3 Nc6
16.O-O Nd4 17.e5 Nxf3+ 18.Rxf3 c5 19.Raf1 Be6 20.Be4 Qd4+ 21.Kh1 f5 22.Bxb7 Qxf4
23.Rxf4 Rxa3 24.bxc5 bxc5 25.R4f3 Rxf3 26.Bxf3 Rd8 27.Kg1 Rd2 28.Rf2 Rd4
29.Kf1 Kf7 30.Ke1 Bc4 31.c3 Rd3 32.Be2 Re3 33.Rxf5+ Ke6 34.Rf2 Kxe5 35.Kd2 Rxe2+
36.Rxe2+ Bxe2 37.Kxe2 Ke4 38.Kd2 g6 39.Ke2 g5 40.Kd2 h5 41.Ke2 g4 42.Kd2 h4
43.Ke2 h3 44.gxh3 gxh3 45.Kd2 Kf3 46.Kd3 Kg2 47.Kc4 Kxh2 48.Kxc5 Kg3 49.c4 h2
50.Kd6 h1=Q 51.c5 Qb7  0-1

[Event "TCh-HUN 2007-8"]
[Site "Budapest HUN"]
[Date "2007.11.11"]
[Round "2"]
[White "Honos,A"]
[Black "Dombai,I"]
[Result "1/2-1/2"]
[WhiteElo "2298"]
[BlackElo "2213"]

1.d4 Nf6 2.Bg5 e6 3.e4 Be7 4.e5 Nd5 5.Bxe7 Qxe7 6.c4 Nb6 7.Nc3 O-O 8.Nf3 d6
9.Bd3 dxe5 10.dxe5 Bd7 11.O-O Bc6 12.Re1 N8d7 13.Nd4 Nc5 14.Nxc6 bxc6 15.Bc2 Rfd8
16.Qe2 Rd4 17.b3 Rad8 18.Rad1 Qg5 19.g3 Rd2 20.h4 Rxe2 21.hxg5 Rxe1+ 22.Rxe1 Kf8
23.Rd1 Rxd1+ 24.Bxd1 Nc8 25.f4 f6 26.gxf6 gxf6 27.exf6 Kf7 28.Bf3 Kxf6 29.Bxc6 Ne7
30.Bf3 e5 31.fxe5+ Kxe5 32.Nb5 c6 33.Nxa7 Kd6 34.b4 Nd3 35.b5 cxb5 36.cxb5 Kc5
37.Be4 Nc1 38.Nc6 Nc8 39.a4 Ne2+ 40.Kf2 Nc3 41.Bc2 Nb6 42.Bxh7 Ncxa4 43.Bd3 Nc3
44.Na7 Nd7 45.Ke3 Nf6 46.Kf4 Nh5+ 47.Kg4 Nxg3 48.Kxg3 Kb6 49.Nc8+ Kc7 50.Ne7 Kb6
51.Kf4 Nxb5 52.Ke5 Kc5 53.Nf5 Na7 54.Bf1 Nc6+ 55.Ke4 Nd8 56.Nd4 Nc6 57.Ne6+ Kd6
58.Bc4 Na5 59.Bd5 Nc6 60.Ba2 Nb4  1/2-1/2

[Event "TCh-HUN 2007-8"]
[Site "Budapest HUN"]
[Date "2007.11.11"]
[Round "2"]
[White "Reiss,T"]
[Black "Kiss,At"]
[Result "1-0"]
[WhiteElo "2386"]
[BlackElo "2383"]

1.d4 Nf6 2.Bg5 e6 3.e4 h6 4.Bxf6 Qxf6 5.Nc3 d6 6.Qd2 Nc6 7.Rd1 Bd7 8.Bc4 O-O-O
9.Nge2 g5 10.O-O Bg7 11.Nb5 a6 12.Nbc3 h5 13.a3 Kb8 14.Qd3 Bc8 15.b4 Ne7
16.b5 d5 17.bxa6 b6 18.Bb5 dxe4 19.Nxe4 Qg6 20.a4 Nf5 21.a5 Nxd4 22.axb6 Nxe2+
23.Qxe2 cxb6 24.Nd6 Bd7 25.Qf3  1-0

[Event "WYb16"]
[Site "Kemer TUR"]
[Date "2007.11.18"]
[Round "1"]
[White "Wickstrom,L"]
[Black "Salgado Lopez,I"]
[Result "1/2-1/2"]
[WhiteElo "2115"]
[BlackElo "2460"]

1.d4 Nf6 2.Bg5 e6 3.e3 c5 4.Nd2 b6 5.Ngf3 Bb7 6.Bd3 Nc6 7.c3 Be7 8.Bxf6 Bxf6
9.Qe2 a6 10.h4 d6 11.Ng5 Bxg5 12.hxg5 Qxg5 13.Nc4 Rd8 14.f4 Qg3+ 15.Kf1 f5
16.Qh5+ g6 17.Qe2 g5 18.Rh6 O-O 19.Rh3 Qg4 20.Qxg4 fxg4 21.Rxh7 Rf7 22.Rxf7 Kxf7
23.fxg5 b5 24.Nd2 e5 25.Ne4 exd4 26.g6+ Kg7 27.Ng5 Re8 28.exd4 cxd4 29.cxd4 Nb4
30.Bf5 Kf6 31.Nf7 Bd5 32.a3 Nc6 33.Bxg4 Kxg6 34.Nxd6 Rd8 35.Nb7 Rf8+ 36.Kg1 Rf4
37.Bf3 Bxf3 38.gxf3 Rxd4 39.Nc5 Rd2 40.Nxa6 Nd4 41.a4 Nxf3+ 42.Kf1 Nh2+ 43.Kg1 Nf3+
44.Kf1 b4 45.Nxb4 Nh2+  1/2-1/2

[Event "WYb16"]
[Site "Kemer TUR"]
[Date "2007.11.19"]
[Round "2"]
[White "Martinovic,Sa"]
[Black "Savchenko,Alek"]
[Result "1-0"]
[WhiteElo "2362"]
[BlackElo "2183"]

1.d4 Nf6 2.Bg5 e6 3.e4 h6 4.Bxf6 Qxf6 5.c3 d6 6.Bd3 c5 7.Nf3 Nc6 8.O-O Bd7
9.d5 Ne7 10.Nbd2 e5 11.Qb3 O-O-O 12.Qa3 Kb8 13.b4 Nc8 14.bxc5 dxc5 15.Nc4 Bd6
16.Rab1 Qe7 17.Nfd2 Bc7 18.Rb2 b6 19.Rfb1 Kb7 20.d6 Bxd6 21.Nxb6 Nxb6 22.Rxb6+ Ka8
23.Qxa7+ Kxa7 24.Ra6+  1-0

[Event "WYb16"]
[Site "Kemer TUR"]
[Date "2007.11.20"]
[Round "3"]
[White "Tasdelen,D"]
[Black "Kleijn,C"]
[Result "0-1"]
[WhiteElo "1990"]
[BlackElo "2210"]

1.d4 Nf6 2.Bg5 e6 3.e4 h6 4.Bxf6 Qxf6 5.Nc3 d6 6.Qd2 a6 7.g3 g5 8.O-O-O Bg7
9.e5 Qe7 10.f4 d5 11.f5 exf5 12.Nxd5 Qd8 13.Bg2 c6 14.Ne3 O-O 15.Rf1 f6 16.e6 Bxe6
17.Nxf5 Nd7 18.h4 Bxf5 19.Rxf5 Nb6 20.Qd3 Qd6 21.Qb3+ Nc4  0-1

[Event "WYb16"]
[Site "Kemer TUR"]
[Date "2007.11.22"]
[Round "5"]
[White "Tasdelen,D"]
[Black "Kilpatrick,C"]
[Result "0-1"]
[WhiteElo "1990"]
[BlackElo "2189"]

1.d4 Nf6 2.Bg5 e6 3.e4 h6 4.Bxf6 Qxf6 5.Nc3 Bb4 6.Ne2 d6 7.Qd3 O-O 8.g3 e5
9.d5 Nd7 10.Bg2 Nc5 11.Qc4 a5 12.a3 Bxc3+ 13.Qxc3 Qg6 14.Qe3 f5 15.f3 fxe4
16.fxe4 Bg4 17.Nc3 Qh5 18.h3 Bd7 19.Ne2 b5 20.b3 Rf6 21.O-O-O b4 22.axb4 axb4
23.Kb2 Ra3 24.g4 Qe8 25.Rb1 Qa8 26.Bf3 Bb5 27.Kc1 Ra2 28.h4 Qa3+ 29.Kd2 Bd3
30.Rhc1 Nxb3+ 31.Rxb3 Qxb3 32.Qxd3 Qxd3+ 33.Kxd3 Rxf3+ 34.Kd2 b3 35.Nc3 Rxc2+
36.Rxc2 Rf2+  0-1

[Event "WYb16"]
[Site "Kemer TUR"]
[Date "2007.11.22"]
[Round "6"]
[White "Martinovic,Sa"]
[Black "Kaminski,V"]
[Result "1-0"]
[WhiteElo "2362"]
[BlackElo "2157"]

1.d4 Nf6 2.Bg5 e6 3.e4 Be7 4.Bd3 d5 5.e5 Nfd7 6.Bxe7 Qxe7 7.c3 c5 8.a3 Nc6
9.Nf3 f6 10.exf6 Qxf6 11.O-O O-O 12.Bc2 e5 13.dxc5 Ne7 14.c4 e4 15.Nd4 Nxc5
16.cxd5 Rd8 17.Nc3 Nxd5 18.Nxd5 Rxd5 19.Bb3 Nxb3 20.Qxb3 Qd8 21.Rad1 Kh8
22.Nf5 Rd3 23.Ne3 b6 24.Qc4 Bb7 25.Rxd3 Qxd3 26.Qc7 Ba6 27.Rd1 Qb3 28.Rd8+ Rxd8
29.Qxd8+ Qg8 30.Qe7 Qc8 31.h3 Bb7 32.Kh2 h6 33.Qf7 Qb8+ 34.g3 Ba6 35.Nf5 Qb7
36.Qe8+ Kh7 37.Nd6 Qd5 38.Qxe4+ Qxe4 39.Nxe4 Kg6 40.g4 Kf7 41.Kg3 Ke6 42.Kf4 g5+
43.Ke3 Bf1 44.Ng3 Bxh3 45.f3 Kd5 46.b3 a5 47.Ne4 Ke5 48.Nd2 b5 49.a4 bxa4
50.bxa4 Kd5 51.Nb3 Kc4 52.Nxa5+ Kb4 53.Nc6+ Kxa4 54.Kf2 Kb5 55.Ne5 Kc5 56.Nf7 Kd5
57.Nxh6 Ke5 58.Nf5 Kd5 59.Kg3  1-0

[Event "Open"]
[Site "Rijeka CRO"]
[Date "2007.11.26"]
[Round "2"]
[White "Brumen,D"]
[Black "Krkljes,S"]
[Result "0-1"]
[WhiteElo "2402"]
[BlackElo "2178"]

1.d4 Nf6 2.Bg5 e6 3.e3 c5 4.c3 b6 5.Bd3 Bb7 6.f3 d5 7.Ne2 Nbd7 8.O-O Bd6
9.Nd2 Qc7 10.e4 Bxh2+ 11.Kh1 dxe4 12.fxe4 O-O-O 13.Nf3 c4 14.Bc2 Bd6 15.e5 Bxe5
16.dxe5 Nxe5 17.Qe1 Nxf3 18.gxf3 Qe5 19.Bxf6 gxf6 20.Ng3 Qf4 21.Be4 Bd5 22.Qf2 Rhg8
23.Ne2 Qe5 24.Rg1 Bxe4 25.fxe4 Qh5+ 26.Qh2 Qf3+ 27.Rg2 Rd2 28.Re1 Rg5 29.Kg1 Rxe2  0-1

[Event "WYb16"]
[Site "Kemer TUR"]
[Date "2007.11.28"]
[Round "11"]
[White "Martinovic,Sa"]
[Black "Kilpatrick,C"]
[Result "1-0"]
[WhiteElo "2362"]
[BlackElo "2189"]

1.d4 Nf6 2.Bg5 e6 3.e4 h6 4.Bxf6 Qxf6 5.c3 d6 6.Bd3 e5 7.Ne2 Nd7 8.O-O Qd8
9.f4 Be7 10.Nd2 O-O 11.Nf3 c6 12.Kh1 Qa5 13.Ng3 exf4 14.Nf5 Qd8 15.Qd2 Nf6
16.Nxe7+ Qxe7 17.Qxf4 Nh5 18.Qd2 f5 19.exf5 Bxf5 20.Bxf5 Rxf5 21.g4 Rf6 22.gxh5 Raf8
23.Qg2 Qe3 24.Nh4 Rf2 25.Rxf2 Rxf2 26.Qg3 Qe4+ 27.Kg1 Rf4 28.Re1  1-0

[Event "20th Belgrade Trophy"]
[Site "Belgrade SRB"]
[Date "2007.11.29"]
[Round "8"]
[White "Prelevic,D"]
[Black "Bozovic,V"]
[Result "0-1"]
[WhiteElo "2352"]
[BlackElo "2198"]

1.d4 Nf6 2.Bg5 e6 3.e3 c5 4.Nd2 d5 5.c3 Nbd7 6.f4 Qc7 7.Bd3 Bd6 8.Ngf3 h6
9.Bxf6 gxf6 10.f5 e5 11.e4 b6 12.dxe5 Nxe5 13.Nxe5 Bxe5 14.exd5 Bd7 15.Qf3 O-O-O
16.O-O-O b5 17.Kb1 Kb8 18.g3 c4 19.Be4 Bc8 20.Nf1 Rd6 21.Ne3 a5 22.Nc2 Ba6
23.a3 Ka8 24.Kc1 h5 25.Kd2 Bb7 26.Ke2 h4 27.Ne3 Kb8 28.g4 h3 29.Qf2 Re8 30.Kf3 Qe7
31.Qc2 Qf8 32.a4 Qh6 33.Rdf1 b4 34.cxb4 axb4 35.Nxc4 Rxd5 36.Nxe5 Rdxe5  0-1

[Event "TCh-BEL 2007-8"]
[Site "Belgium BEL"]
[Date "2007.12.02"]
[Round "5"]
[White "Grafl,F"]
[Black "Decoster,F"]
[Result "1/2-1/2"]
[WhiteElo "2433"]
[BlackElo "2261"]

1.d4 Nf6 2.Bg5 e6 3.e4 h6 4.Bxf6 Qxf6 5.c3 d5 6.Nd2 c5 7.Ngf3 Nc6 8.Bb5 Bd7
9.O-O a6 10.Bxc6 Bxc6 11.Ne5 Be7 12.Nxc6 bxc6 13.e5 Qf5 14.Nb3 O-O 15.Qe2 c4
16.Na5 Rfc8 17.f4 c5 18.g4 Qg6 19.Kh1 cxd4 20.cxd4 c3 21.bxc3 Rxc3 22.Rac1 Rac8
23.Rxc3 Rxc3 24.f5 Qg5 25.Nb3 Qe3  1/2-1/2

[Event "Parsvnath ch-Commonwealth"]
[Site "New Delhi IND"]
[Date "2007.12.08"]
[Round "8"]
[White "Abhilash,R"]
[Black "Eswar,R"]
[Result "1/2-1/2"]
[WhiteElo "2069"]
[BlackElo "1963"]

1.d4 Nf6 2.Bg5 e6 3.e3 h6 4.Bf4 c5 5.Nf3 b6 6.c4 Bb7 7.Nc3 Be7 8.d5 exd5
9.cxd5 d6 10.h3 O-O 11.g4 Nh7 12.h4 Bc8 13.Rg1 a6 14.Bd3 c4 15.Bxc4 Kh8 16.Bd3 b5
17.Qc2 f5 18.gxf5 Nf6 19.e4 Nbd7 20.Nd4 Nc5 21.Nc6 Qe8 22.b4 Nxd3+ 23.Qxd3 Nh5
24.Bg3 Bf6 25.Kd2 Bd7 26.Nd4 Qe7 27.Nce2 a5 28.a3 Rfc8 29.Rgc1 Rc4 30.Rxc4 bxc4
31.Qxc4 Qxe4 32.Rc1 axb4 33.axb4 Nxg3 34.fxg3 Bxf5 35.Nxf5 Qxf5 36.Rc2 Re8
37.Qd3 Qf1 38.Rc4 Qa1 39.Nf4 Ra8 40.Rc2 Qa7 41.Qe3 Qb7 42.Qe4 Qb5 43.Nd3 Re8
44.Qf5 Qb6 45.Rc8 Qe3+ 46.Kc2 Qe2+ 47.Kc1 Qe3+ 48.Kb1 Qg1+ 49.Nc1 Rxc8 50.Qxc8+ Kh7
51.Qc2+ Kh8 52.Qd3 g5 53.b5 Bd4 54.hxg5 hxg5 55.Qf3 Kg7 56.Kc2 Qe1 57.Qd3 Be5
58.g4 Qb4 59.Qb3 Qxg4 60.b6 Qc8+ 61.Kb1 Qf5+ 62.Qd3 Qc8 63.Nb3 g4 64.Nc1 g3
65.Ne2 Qc5  1/2-1/2

[Event "XX Carlos Torre Magistral"]
[Site "Merida MEX"]
[Date "2007.12.16"]
[Round "3"]
[White "Cordova,Em"]
[Black "Bruzon Batista,L"]
[Result "1-0"]
[WhiteElo "2493"]
[BlackElo "2607"]

1.d4 Nf6 2.Bg5 e6 3.e4 h6 4.Bxf6 Qxf6 5.Nc3 d6 6.Qd2 g5 7.g3 Bd7 8.O-O-O g4
9.f4 gxf3 10.Qf2 Bg7 11.Nxf3 Nc6 12.Be2 a6 13.Rhf1 Qe7 14.Kb1 Rf8 15.d5 Na7
16.Qe3 Nb5 17.e5 dxe5 18.dxe6 Bxe6 19.Nd5 Bxd5 20.Rxd5 c6 21.Rdd1 e4 22.Bxb5 axb5
23.Nh4 Qe6 24.a3 f5 25.Qe2 Rd8 26.Qh5+ Rf7 27.Rxd8+ Kxd8 28.Nxf5 Kc7 29.g4 Rd7
30.Qh3 Bd4 31.Qxh6 Qc4  1-0

[Event "4th SICC Masters"]
[Site "Singapore SIN"]
[Date "2007.12.17"]
[Round "1"]
[White "Corke,A"]
[Black "Dimakiling,O"]
[Result "0-1"]
[WhiteElo "2209"]
[BlackElo "2491"]

1.d4 Nf6 2.Bg5 e6 3.e4 d6 4.Nc3 Be7 5.f4 a6 6.a4 Nc6 7.Nf3 d5 8.e5 Nd7 9.Bxe7 Qxe7
10.Be2 b6 11.O-O Bb7 12.Qd2 Nb4 13.Nd1 c5 14.c3 Nc6 15.f5 O-O-O 16.Ne3 Kb8
17.Rfb1 cxd4 18.cxd4 f6 19.fxe6 Qxe6 20.b4 fxe5 21.dxe5 Ncxe5 22.b5 Nxf3+
23.Bxf3 Ne5 24.bxa6 Nxf3+ 25.gxf3 d4 26.Ng4 Bxa6 27.Qf4+ Ka8 28.Qc7 Rd6 29.Re1 Qd7
30.Qxd7 Rxd7 31.Re6 d3 32.a5 d2 33.Ne3 Rc8 34.Rd1 Be2 35.Nd5 Rxd5  0-1

[Event "4th SICC Masters"]
[Site "Singapore SIN"]
[Date "2007.12.18"]
[Round "3"]
[White "Corke,A"]
[Black "Paragua,M"]
[Result "0-1"]
[WhiteElo "2209"]
[BlackElo "2514"]

1.d4 Nf6 2.Bg5 e6 3.e4 h6 4.Bxf6 Qxf6 5.c3 d6 6.Bd3 Nd7 7.Ne2 a6 8.O-O b6
9.f4 Bb7 10.Nd2 Qe7 11.Nf3 g5 12.Qd2 g4 13.Ne1 h5 14.Nc2 Bh6 15.Rae1 Nf6
16.d5 c5 17.dxc6 Bxc6 18.Ned4 Qb7 19.Nxc6 Qxc6 20.Nd4 Qc7 21.Qe2 b5 22.a4 b4
23.Bxa6 bxc3 24.Bb5+ Kf8 25.Bc6 Ra5 26.b4 Ra7 27.a5 Bg7 28.e5 Nd7 29.Bxd7 Qxd7
30.Nb5 Rb7 31.Nxd6 Rxb4 32.Qe3 Kg8 33.a6 f5 34.Qc5 Ra4 35.Ra1 Kh7 36.a7 Ra8
37.Rxa4 Qxa4 38.Nb5 c2 39.Qc6 Rd8 40.Qc5 Rd1 41.a8=Q Qxf4 42.Qf2 Qxf2+ 43.Kxf2 Rxf1+
44.Kxf1 c1=Q+  0-1